00474nam a2200121 a 4500008004100000050002400041245009600065260008300161300001900244650002000263650004400283650002500327180911s2016 ||||||||||||||||| || u aGOV.ZAM(058)ER/201600a2016 mid-year economic reviewcby Government of the Republic of Zambia, Ministry of Finance aLusaka:bGovernment of the Republic of Zambia, Ministry of Finance (MoF)c2016 avi, 36p.: ill. aECONOMIC REVIEW aZAMBIA--ECONOMIC CONDITIONS--STATISTICS aMACROECONOMIC POLICY